| 000 | 00891 a2200169 4500 | ||
|---|---|---|---|
| 003 | Nust | ||
| 005 | 20170207154213.0 | ||
| 040 | _cNust | ||
| 082 | _a621.3192 | ||
| 100 | _aSundaram Seshu, Norman Balabanian | ||
| 245 |
_aLinear Network Analysis _cSundaram Seshu, Norman Balabanian |
||
| 260 |
_aNew York _bJohn Wiley _c1959 |
||
| 300 | _aXIV, 571 | ||
| 505 | _aFundamental Concepts (Page-1) Loop and Node Systems of Equations (Page-25) Matrix Algebra and Elementary Topology (Page-54) General Network Analysis (Page-77) Network Theorems and Steady-State Response (Page-153)Integral Solutions (Page-194) Representations of Network Functions (Page-227) Two-Port Networks (Page-291) Analytic Properties of Network Functions (Page-343) Feedback and Related Topics (Page-401) Image Parameters and Filter Theory (Page-153) | ||
| 538 | _aAlmirah 127, Shelf 4 | ||
| 650 | _aLinear Network Analysis | ||
| 942 |
_2ddc _cBK |
||
| 999 |
_c194978 _d194978 |
||